000 00777cab a2200265 4500
001 WB3342-29
008 090401t1997 xxu||||| |||| 00| 0 eng d
035 _a(Sirsi) u81758
041 _aeng
245 _aScotland`s new homes
260 _c1997
350 _a0
490 _aHerald
_v29 October 1997, 10(1)
520 _aA public inquiry into a proposal to build a 11,000 new homes and a business park in the Aberdeen area, will reopen next year after much confusion and controversy.
650 _aABERDEEN
650 _aBANCHORY DEVENICK
650 _aBUSINESS PARK
650 _aHOUSING DEVELOPMENT
650 _aNEW SETTLEMENTS
650 _aPUBLIC INQUIRY
650 _aSCOTLAND
690 _aHOUSING-DEVELOPMENT
942 _n0
948 _c29/10/1997
999 _c51544
_d51544